| 000 | 00478cam a2200193ua 4500 | ||
|---|---|---|---|
| 020 |
_a81 224 0467 7 _c125.00 |
||
| 041 |
_aeng _h |
||
| 082 |
_a530 _bSRI/PR |
||
| 100 | _aSrivastava, P K . | ||
| 245 |
_aProblems in physics / _cP K Srivastava. _hTextual Documents |
||
| 250 |
_a1 / _b. |
||
| 260 |
_aNew Delhi : _bWiley Eastern Ltd , _c1993. |
||
| 300 | _a519 ; . | ||
| 365 | _a125.00 | ||
| 500 | _a*CSS | ||
| 504 | _a | ||
| 942 | _cBK | ||
| 999 |
_c10409 _d10409 |
||